000 00437nam a2200145Ia 4500
008 100204s9999 xx 000 0 und d
082 _b7026
100 _aनाईक गुरुनाथ
245 _aडंंंंख
260 _b"बांदोडकर पब्लिशिंग हाऊस, गोवा"
_c1984
300 _a237
630 _aडंंंंख
730 _aडंंंंख
942 _cBOOK
999 _c451463
_d451460